| 000 | 02057cam a2200553Ia 4500 | ||
|---|---|---|---|
| 999 |
_c3936 _d3936 |
||
| 001 | ocn748820651 | ||
| 003 | OCoLC | ||
| 005 | 20180529173415.0 | ||
| 008 | 110902s2010 be g bm 001 0 fre d | ||
| 020 |
_a9782802729556 _q(Bruylant) |
||
| 020 |
_a2802729551 _q(Bruylant) |
||
| 020 |
_a9782896355471 _q(Yvon Blais) |
||
| 020 |
_a2896355472 _q(Yvon Blais) |
||
| 035 | _a(OCoLC)748820651 | ||
| 040 |
_aGWL _beng _cGWL _dGWL _dCDX _dERASA _dOCLCF _dOCLCO _dOCLCQ |
||
| 043 |
_ae-fr--- _an-cn--- |
||
| 049 | _aTZAA | ||
| 050 | 4 |
_aK3230 _b.L36 |
|
| 100 | 1 | _aLantero, Caroline. | |
| 245 | 1 | 3 |
_aDroit des réfugiés : entre droits de l'homme et gestion de l'immigration _bentre droits de l'homme et gestion de l'immigration / _cCaroline Lantero. |
| 260 |
_aBruxelles : _bBruylant ; _a[Cowansville, Québec] : _bYvon Blais, _c2010. |
||
| 300 |
_axiii, 613 pages ; _c24 cm. |
||
| 490 | 1 |
_aMondialisation et droit international ; _v16 |
|
| 500 | _a"Préface de François Julien-Laferrière"--Cover. | ||
| 502 | _aRevision of the author's thesis (doctoral)--Université d'Auvergne, Université McGill, 2008. | ||
| 504 | _aIncludes bibliographical references (pages 567-597) and index. | ||
| 650 | 0 | _aRéfugiés | |
| 650 | 0 | _aStatut légal. | |
| 650 | 0 | _aDroit d'asile. | |
| 650 | 0 | _aLégislation sur l'immigration. | |
| 650 | 0 | _aThèses. | |
| 650 | 0 |
_aRefugees _xLegal status, laws, etc. _zFrance. |
|
| 650 | 0 |
_aRefugees _xLegal status, laws, etc. _zCanada. |
|
| 650 | 0 |
_aAsylum, Right of _zFrance. |
|
| 650 | 0 |
_aAsylum, Right of _zCanada. |
|
| 650 | 0 |
_aHuman rights _zFrance. |
|
| 650 | 0 |
_aHuman rights _zCanada. _93988 |
|
| 650 | 0 |
_aAliens _zFrance. _910530 |
|
| 650 | 0 |
_aAliens _zCanada. |
|
| 650 | 7 |
_aAliens. _2fast |
|
| 650 | 7 |
_aAsylum, Right of. _2fast |
|
| 650 | 7 |
_aHuman rights. _2fast |
|
| 650 | 7 |
_aRefugees _xLegal status, laws, etc. _2fast |
|
| 651 | 7 |
_aCanada. _2fast |
|
| 651 | 7 |
_aFrance. _2fast |
|
| 700 | 1 |
_aJulien-Laferrière, François. _913706 |
|
| 830 | 0 |
_aMondialisation et droit international ; _v16. |
|
| 942 |
_2lcc _cBOOK |
||